000 005440000a22001930004500
020 _a1-57658-260-4
041 0 _aSPA
082 0 4 _aG 266.0092 B4662h
100 1 _aBenge, Janet
245 1 0 _aPeripecia en la China : La vida de Hudson Taylor (1832-1905) / Janet & Geoff Benge
260 _aTyler, TX. : JUCUM
300 _a197 Pag
440 0 _aSerie Héroes Cristianos de Ayer y de Hoy
001 12176
942 _cBK
999 _c41202
_d41202
336 _atexto
_btxt
_2rdacontent
337 _2rdamedia
_asin mediación
_bn
338 _2rdacarrier
_avolumen
_bnc